Statistics for Famous Footballers

Click here to take the quiz!

General Stats

  • This quiz has been taken 141 times
  • The average score is 10 of 15

Answer Stats

Number and TeamPlayer Name% Correct
#7 Real MadridRonaldo
99%
#10 FC BarcelonaMessi
96%
#10 Paris Saint GermainNeymar
92%
#10 Tottenham HotspursKane
82%
#9 FC BarcelonaSuarez
80%
#1 Bayern MunchenNeuer
79%
#11 Real MadridBale
69%
#9 Bayern MunchenLewandowski
66%
#8 FC BarcelonaIniesta
62%
#6 Manchester UnitedPogba
62%
#11 Paris Saint GermainDi Maria
55%
#9 Manchester UnitedIbrahimovic
50%
#2 Ateltico MadridGodin
48%
#10 EvertonRooney
48%
#15 Real MadridRamos
35%

Score Distribution

Percentile by Number Answered

Percent of People with Each Score

Your Score History

You have not taken this quiz